Szczegóły MARC21

Poesie Quadriga : Gedichte. No 3 /

003 -Nazwa inst., której nr kontr. jest w polu 001 [,]
    • @
    • Nazwa instytucji, której n kontrolny jest w polu 001
    • NUKAT
005 -DATA I CZAS OSTATNIEJ MODYFIKACJI [,]
    • @
    • pole kontrolne
    • 20241231091419.0
020 -Międzynarod. znormalizowany nr książki - ISBN [ , ]
    • a
    • Numer ISBN
    • 9783861425854 Find
040 -Instytucja sporządzająca opis [ , ]
    • a
    • Instytucja, która sporządziła opis (NP)
    • SZCZ U/MC
    • b
    • Język katalogowania
    • pol
    • e
    • Zasady katalogowania
    • rda
    • c
    • Instytucja, która sporządziła rekord (NP)
    • SZCZ U/MCs
942 -Rodzaj dokumentu [ , ]
    • c
    • Rodzaj dokumentu
    • Książka
100 -Hasło główne - nazwa osobowa [1, ]
    • a
    • Nazwa osobowa (NP)
    • Brunner, Margrit
    • d
    • Daty biograficzne (NP)
    • (1951- ).
    • e
    • Rodzaj współpracy
    • Autor
    • 9
    • KHW
    • 685676
245 -Strefa tytułu i oznaczenia odpowiedzialności [1,0]
    • a
    • Tytuł
    • Poesie Quadriga : Find
    • b
    • Ciąg dalszy tytułu (NP)
    • Gedichte. Find
    • n
    • Oznaczenie części (P)
    • No 3 /
    • c
    • Pozostałe elementy strefy tytułu i oznaczenia odpowiedzialności (NP)
    • Margrit Brunner, Irena Habalik, Ruth Werfel, Eva Christina Zeller.
260 -Strefa adresu wydawniczego [ , ]
    • a
    • Miejsce wydania (P)
    • Eggingen :
    • b
    • Nazwa wydawcy (P)
    • Edition Isele,
    • c
    • Data wydania (P)
    • © 2014.
300 -Strefa opisu fizycznego [ , ]
    • a
    • Określenie formy książki i/lub objętość (NP)
    • 163, [1] strona ;
    • c
    • Format (NP)
    • 21 cm.
336 -Typ zawartości [ , ]
    • a
    • Termin opisujący typ zawartości
    • Tekst
    • b
    • Kod określający zawartość
    • txt
    • 2
    • Źródło (terminu i kodu)
    • rdacontent
337 -Typ mediów [ , ]
    • a
    • Tryb odtwarzania
    • Bez urządzenia pośredniczącego
    • b
    • Kod typu mediów
    • n
    • 2
    • Źródło (terminu i kodu)
    • rdamedia
338 -Typ/rodzaj nośnika [ , ]
    • a
    • Hasło opisujące typ nośnika
    • Wolumin
    • b
    • Kod typu nośnika
    • nc
    • 2
    • Źródło (terminu i kodu)
    • rdacarrier
655 -Hasło w funkcji tematu formalnego [ ,7]
    • a
    • Hasło
    • Poezja niemiecka
    • y
    • Określnik chronologiczny
    • 1990-.
    • 2
    • Źródło terminu
    • kaba
    • 9
    • KHW
    • 461061
655 -Hasło w funkcji tematu formalnego [ ,7]
    • a
    • Hasło
    • Poezja austriacka
    • y
    • Określnik chronologiczny
    • 1990-.
    • 2
    • Źródło terminu
    • kaba
    • 9
    • KHW
    • 427365
700 -Hasło dodatkowe - nazwa osobowa [1, ]
    • a
    • Nazwa osobowa (NP)
    • Habalik, Irena Find
    • d
    • Daty biograficzne (NP)
    • (1955- ).
    • e
    • Określenie rodzaju współpracy
    • Autor
    • 9
    • KHW
    • 684108
700 -Hasło dodatkowe - nazwa osobowa [1, ]
    • a
    • Nazwa osobowa (NP)
    • Werfel, Ruth. Find
    • e
    • Określenie rodzaju współpracy
    • Autor
    • 9
    • KHW
    • 685675
700 -Hasło dodatkowe - nazwa osobowa [1, ]
    • a
    • Nazwa osobowa (NP)
    • Zeller, Eva Christina Find
    • d
    • Daty biograficzne (NP)
    • (1960- ).
    • e
    • Określenie rodzaju współpracy
    • Autor
    • 9
    • KHW
    • 685677
710 -Hasło dodatkowe - nazwa ciała zbiorowego [2, ]
    • a
    • Nazwa ciała zbiorowego lub nazwa geograficzna jako pierwszy element (NP)
    • Edition Isele.
    • e
    • Rodzaj współpracy
    • Wydawca
    • 4
    • Kod relacji
    • pbl
    • 9
    • KHW
    • 632302
920 -ISBN [ , ]
    • a
    • ISBN
    • 978-3-86142-585-4 Find
Sygnatura Status udost. Numer inwentarzowy Data inwentaryzacji Lokalizacja
Germ. Antologie - poezja 29-3BJM.21232023-06-12BM